| 000 | 00592nam a22001937a 4500 | ||
|---|---|---|---|
| 003 | NUST | ||
| 005 | 20230906122411.0 | ||
| 008 | 190719b ||||| |||| 00| 0 eng d | ||
| 038 | _aMr. Noman | ||
| 082 | _a658 | ||
| 100 |
_aBilal, Muhammad _918167 |
||
| 245 |
_aInfluence of the Packaging Elements on the Consumer Buying Behavior in the Beverages Industry of Pakistan _cMuhammad Bilal. |
||
| 260 |
_aIslamabad: _bNBS - NUST, _c2013. |
||
| 300 |
_a72 p. : ill. ; _c3cm. |
||
| 500 | _aHardcover. | ||
| 650 |
_aMBA Thesis. _917629 |
||
| 700 |
_aFatima Z. Nasir. _918168 |
||
| 942 |
_2ddc _cTHE |
||
| 999 |
_c527076 _d527076 |
||